00443nam a2200121Ia 4500008004100000041001200041082001200053100005100065245007800116260006600194300001500260536004600275211220s9999 xx 000 0 eng d aEnglish aRP.0329 aPatel, ArjunuCentre for Socila StudiesvSurat 2aA sociological study of exodus of dalits in rural Gujarat / cArjun Patel aNew Delhi :bIndian Council oF Social Science Research,c2018 aiii, 272p. aIndian Council of Social Science Research